000 002860000a22001330004500
005 20120302065045.0
942 _cBOOK
100 _a Kanade, Mu. shree.
245 _a Kalche Natakkar
260 _aSu.De.Joshi, Di.Da.Lokhande
300 _a217p
040 _aMar
650 _aNatakkar
999 _c363783
_d363780